mysqli: Table './ulib62015/stat_globaluid' is marked as crashed and should be repaired
select id from stat_globaluid where statuid='20260517142650_2373'
mysqli: Table './ulib62015/stat_globaluid' is marked as crashed and should be repaired
DELETE FROM stat_globaluid
WHERE id NOT IN (
SELECT id
FROM (
SELECT id
FROM stat_globaluid
ORDER BY id DESC
LIMIT 100
) foo
);
mysqli: Table './ulib62015/stat_globaluid' is marked as crashed and should be repaired
insert into stat_globaluid set
statuid='20260517142650_2373',
dt='1779002810',
phpself='/ULIB62015/dublinfull.php',
agent='Mozilla/5.0 AppleWebKit/537.36 (KHTML, like Gecko; compatible; ClaudeBot/1.0; +claudebot@anthropic.com)',
yea='2026',
mon='5',
dat='17',
ip='216.73.216.45'
mysqli: Table './ulib62015/stathist_viewbib_bib_type' is marked as crashed and should be repaired
insert into stathist_viewbib_bib_type set
dat='17' ,
mon='05' ,
yea='2026' ,
statuid='20260517142650_2373' ,
head='25419' ,
foot='marc' ,
dt='1779002810'
| LEADER : 01174nam 2200277 a 4500 |
| 001 25419 |
| 003 ULIB |
| 008 030417s2540 caua sb 001 0 tha |
| 020 ^a9747758563
|
| 060 4 ^aQV767^bก382ก 2540
|
| 100 ^aกัญจนา ดีวิเศษ
|
| 245 ^aการแพทย์แผนไทยกับการดูแลสุขภาพของผู้ป่วยและผู้ติดเชื้อเอดส์ /^cกัญจนา ดีวิเศษ ... [และคนอื่นๆ], ผู้รวบรวมและบรรณาธิการ
|
| 246 31 ^aสมุนไพรกับโรคเอดส์
|
| 246 30 ^aการดูแลสุขภาพผู้ป่วยและผู้ติดเชื้อเอดส์
|
| 250 ^aพิมพ์ครั้งที่ 2
|
| 260 ^aกรุงเทพฯ :^bโรงพิมพ์องค์การสงเคราะห์ทหารผ่านศึก,^c2540
|
| 300 ^a87 หน้า :^bภาพประกอบ;^c30 ซม.
|
| 650 4 ^aกลุ่มอาการภูมิคุ้มกันเสื่อม^xการรักษาด้วยสมุนไพร
|
| 650 4 ^aการแพทย์แผนไทย
|
| 650 4 ^aยาแผนโบราณ
|
| 650 4 ^aสมุนไพรรักษาเอดส์
|
| 650 4 ^aโรคเอดส์
|
| 700 0 ^aกัญจนา ดีวิเศษ,^eผู้รวบรวมและบรรณาธิการ
|
| 710 2 ^aกรมการแพทย์.^bสถาบันการแพทย์แผนไทย
|
| 710 2 ^aโครงการพัฒนาตำราด้านการแพทย์แผนไทย
|
| 945 ^p0^l0^i005015 |
| 999 ^alib
|
| คุณยังไม่ได้ล็อกอิน คุณสามารถมีกิจกรรมร่วมกับเว็บไซต์ได้ แต่ต้องล็อกอินก่อน :: |
|
|
|
| ลำดับที่ |
ประเภท |
เลขเรียก/บาร์โค้ด |
สถานที่ |
สถานะ |
| 1. |
 หนังสือ | QV767 ก382ก 2540 Barcode: 005015 | หนังสือทั่วไป | บนชั้น ขอยืม |
รายการใกล้เคียง
ผู้แต่ง [กัญจนา ดีวิเศษ]
หัวเรื่อง [การแพทย์แผนไทย] หัวเรื่อง [ยาแผนโบราณ] หัวเรื่อง [โรคเอดส์]
|
|
ยังไม่เคยถูกคอมเมนท์
|
| คอมเมนท์ทรัพยากรรายการนี้ |
|